| 000 | 02077nam a22002777a 4500 | ||
|---|---|---|---|
| 005 | 20110808142845.0 | ||
| 020 |
_a9781405881180 _c399.00 |
||
| 035 | _aB-424079-086 | ||
| 037 | _bRBC-22385/2010-11/14.3.11/281/4.3.11/21.311 | ||
| 082 | _a428.1 | ||
| 100 |
_aWells, J. C. _931871 |
||
| 245 |
_aLongman pronunciation dictionary _cby J.C Wells |
||
| 250 | _a3rd ed. | ||
| 260 |
_aEssex,England: _bPearson Education _c2009. |
||
| 300 |
_axxxvii,921 p. _c22 cm (Pbk) _e+CD-ROM |
||
| 942 |
_2ddc _cEN _h428.1 _mWEL |
||
| 999 |
_c55035 _d55035 |
||